000 00292nam a2200121Ia 4500
008 190216s9999||||xx |||||||||||||| ||und||
100 _aPunindra Natha Chouidary
245 0 _aHindi-Bharatha Ke Mahan Karmadar
260 _bAkshara Prakashan
300 _a36
650 _aHindi
942 _cBK
999 _c16284
_d16284